Geography Quiz

Random Geography or City Quiz

Cities of: Canada, U.S.A or UK Quiz Stats

Quiz not verified by Sporcle

Also try: Happiest Countries
Challenge
Share
Tweet
Embed
Score 0/18 Timer 04:00
0 Plays Today
% Correct
Canada
92.4%
USA
92.4%
Canada
92.4%
USA
92.4%
UK
92.4%
USA
90.9%
UK
90.9%
USA
90.9%
Canada
89.4%
% Correct
UK
89.4%
UK
89.4%
UK
89.4%
Canada
89.4%
USA
89.4%
UK
87.9%
Canada
86.4%
Canada
86.4%
UK
86.4%

You're not logged in!

Compare scores with friends on all Sporcle quizzes.
Sign Up with Email
OR
Log In

You Might Also Like...

Show Comments

Extras

Top Quizzes Today


Score Distribution

Your Account Isn't Verified!

In order to create a playlist on Sporcle, you need to verify the email address you used during registration. Go to your Sporcle Settings to finish the process.